000 00465nam a22001577a 4500
005 20240805064602.0
008 240805b |||||||| |||| 00| 0 eng d
041 _aEnglish/Afrikaans
082 _a349 SOU
100 _lEnglish/Afrikaans
245 _aSouth African Law Reports
260 _aJohannesburg:
_bDigma Publications,
_c1927
300 _bxxiv, 502 pages;
_c25 cm.
650 _aLegal practice
_bLaw
942 _cBK
_6ALISON_BN_VRIES
999 _c2413
_d2413